| 000 | 00725cam a2200193 4500 | ||
|---|---|---|---|
| 001 | WS110497 | ||
| 008 | 000000n 000 0 eng u | ||
| 035 | _a(Sirsi) u110497 | ||
| 110 |
_aTEGoVA _93466 |
||
| 245 | _aTEGOVA : European Group of Valuers' Associations | ||
| 520 | _aSite for this European organisation which 'represents the interests of professional qualified real estate valuers' across Europe and sets property valuation standards'. | ||
| 650 | _aEUROPE | ||
| 650 | _aINTERNATIONAL | ||
| 650 | _aORGANISATION | ||
| 650 | _aVALUATION STANDARDS | ||
| 690 | _aPROPERTY-PROPERTY APPRAISAL AND VALUATION | ||
| 856 | 4 | 0 |
_uhttps://www.tegova.org _zView the website free of charge at www.tegova.org... |
| 942 | _n0 | ||
| 999 |
_c119760 _d119760 |
||